000 00429nam a22001697a 4500
005 20180205142547.0
008 160905b xxu||||| |||| 00| 0 eng d
020 _a978-93-83746-736
041 _aeng
082 _a004.65
100 _aPANDEY,DR U.S and CHOUDHARY, DR. KAVITA
_94081
245 _aCLOUD COMPUTING
260 _bS CHAND
_c2014
_aNEW DELHI
300 _a386
650 _aINFORMATION TECHNOLOGY
_9137
942 _cBK
999 _c5220
_d5218